Normal view
MARC view
Entry Personal Name
001 - CONTROL NUMBER
- control field: 2836
003 - CONTROL NUMBER IDENTIFIER
- control field: OSt
005 - DATE AND TIME OF LATEST TRANSACTION
- control field: 20190301144359.0
008 - FIXED-LENGTH DATA ELEMENTS
- fixed length control field: 190301|| aca||aabn | a|a d
040 ## - CATALOGING SOURCE
- Original cataloging agency: OSt
- Transcribing agency: OSt
100 ## - HEADING--PERSONAL NAME
- Personal name: India. Ministry of Finance, Department of Economic Affairs
670 ## - SOURCE DATA FOUND
- Source citation: Work cat.: (OSt): India. Ministry of Finance, Department of Economic Affairs, Economic reforms two years after and the task ahead: discussion paper, 1993
